[Event "Thessaloniki Vardaris op 7th"]
[Site "Thessaloniki"]
[Date "2024.03.15"]
[Round "2"]
[White "Kyparissopoulos, Spyridon"]
[Black "Balafoutis, Ilias"]
[Result "0-1"]
[WhiteElo "1905"]
[BlackElo "1786"]
[PlyCount "88"]
[EventDate "2024.03.14"]
[EventType "swiss"]
[EventRounds "7"]
[EventCountry "GRE"]
[SourceTitle "CB13_2024"]
[SourceDate "2024.03.27"]
[SourceVersion "1"]
[SourceVersionDate "2024.03.27"]
[SourceQuality "1"]

1. e4 c5 2. Nf3 e6 3. d4 cxd4 4. Nxd4 Nc6 5. Nc3 Qc7 6. Be3 a6 7. a3 b5 8. Nxc6 Qxc6 9. Be2 Bb7 10. 0-0 Bd6 11. Qd4 Nf6 12. Rfd1 Bb8 13. Bf3 Qc7 14. g3 Ba7 15. Qd2 Bxe3 16. Qxe3 d6 17. Qd3 Rd8 18. e5 Bxf3 19. exf6 Bxd1 20. fxg7 Rg8 21. Qxh7 Kd7 22. Rxd1 f5 23. Qg6 Rde8 24. Re1 Qd8 25. Qh6 Re7 26. Qe3 Ke8 27. Qf3 Qb6 28. Qh5+ Kd8 29. Qh4 Qc6 30. Rxe6 Rgxg7 31. Qf6 Ke8 32. Qxf5 Rxe6 33. Qxe6+ Re7 34. Qd5 Re1+ 35. Kg2 Qxd5+ 36. Nxd5 Kd7 37. h4 Rb1 38. h5 Ke6 39. Nf4+ Kf7 40. Nd3 a5 41. Kf3 b4 42. axb4 a4 43. b5 Rxb2 44. Nxb2 a3 0-1

[Event "Thessaloniki op 3rd"]
[Site "Thessaloniki"]
[Date "2023.08.05"]
[Round "1"]
[White "Kyparissopoulos, Spyridon"]
[Black "Zia, Tahsin Tajwar"]
[Result "0-1"]
[WhiteElo "1883"]
[BlackElo "2305"]
[PlyCount "86"]
[EventDate "2023.08.05"]
[EventType "swiss"]
[EventRounds "9"]
[EventCountry "GRE"]
[SourceTitle "CBM 215 Extra"]
[Source "ChessBase"]
[SourceDate "2023.09.30"]
[SourceVersion "1"]
[SourceVersionDate "2023.09.30"]
[SourceQuality "1"]

1. e4 c6 2. d4 d5 3. e5 Bf5 4. h4 Qb6 5. g4 Bd7 6. c3 e6 7. Qb3 Qc7 8. Nf3 c5 9. Be3 h5 10. g5 Ne7 11. Bh3 Nbc6 12. Na3 a6 13. 0-0 b5 14. dxc5 Ng6 15. Bd4 Rb8 16. Qd1 b4 17. Nc2 bxc3 18. bxc3 Na5 19. Nb4 Ra8 20. Re1 Bxc5 21. Bf1 Nc4 22. Bxc4 dxc4 23. Bxc5 Qxc5 24. Qd6 Qxd6 25. exd6 0-0 26. Ne5 Nxe5 27. Rxe5 a5 28. Nc2 Rfc8 29. Nd4 Ra6 30. Rb1 a4 31. g6 f6 32. Rxh5 Rxd6 33. Ra5 e5 34. Nb5 Rd5 35. Rb4 Kf8 36. Na7 Rxa5 37. Nxc8 Bxc8 38. Rxc4 Bd7 39. f4 exf4 40. Rxf4 Be8 41. Rg4 Rh5 42. Kf2 Rh6 43. a3 Rxg6 0-1

[Event "Aegean op 46th"]
[Site "Aghios Kirykos"]
[Date "2023.07.10"]
[Round "2"]
[White "Gazis, Efstathios"]
[Black "Kyparissopoulos, Spyridon"]
[Result "1-0"]
[WhiteElo "2133"]
[BlackElo "1646"]
[PlyCount "79"]
[EventDate "2023.07.09"]
[EventType "swiss"]
[EventRounds "9"]
[EventCountry "GRE"]
[SourceTitle "CBM 215 Extra"]
[Source "ChessBase"]
[SourceDate "2023.09.30"]
[SourceVersion "1"]
[SourceVersionDate "2023.09.30"]
[SourceQuality "1"]

1. e4 c5 2. Nf3 Nc6 3. d3 d6 4. g3 Nf6 5. Bg2 e5 6. 0-0 Bg4 7. h3 Bh5 8. c3 Be7 9. Nbd2 b5 10. a3 0-0 11. Re1 a5 12. a4 b4 13. Nc4 Qc7 14. Qc2 Rfd8 15. Nh4 h6 16. Nf5 Bg6 17. Nce3 Bf8 18. Qe2 Re8 19. Qf3 Nd7 20. h4 Ne7 21. Nxe7+ Bxe7 22. Nd5 Qd8 23. Qg4 Kh8 24. Qf3 Nf6 25. Nxf6 Bxf6 26. cxb4 cxb4 27. Bh3 Bh7 28. Be3 d5 29. Red1 d4 30. Bd2 Ra6 31. Rdc1 Qe7 32. Rc4 Bxh4 33. gxh4 Qxh4 34. Bg2 Rg6 35. Rac1 Ree6 36. Rc8+ Bg8 37. Qxf7 Rxg2+ 38. Kxg2 Qg4+ 39. Kf1 Qh3+ 40. Ke1 1-0

[Event "GRE-ch U20"]
[Site "Trikala"]
[Date "2023.04.24"]
[Round "9"]
[White "Tsarsitalidis, Christos"]
[Black "Kyparissopoulos, Spyridon"]
[Result "1-0"]
[WhiteElo "2076"]
[BlackElo "1781"]
[PlyCount "77"]
[EventDate "2023.04.18"]
[EventType "swiss"]
[EventRounds "9"]
[EventCountry "GRE"]
[SourceTitle "EXT 2024"]
[Source "ChessBase"]
[SourceDate "2023.10.10"]
[SourceVersion "1"]
[SourceVersionDate "2023.10.10"]
[SourceQuality "1"]

1. e4 c5 2. Nf3 d6 3. d4 cxd4 4. Nxd4 Nf6 5. Nc3 Nc6 6. Bg5 Bd7 7. Qd2 Rc8 8. f4 h6 9. Bh4 Nxd4 10. Qxd4 g5 11. fxg5 hxg5 12. Bxg5 Bg7 13. Bd3 Nh5 14. Qxa7 Rxc3 15. bxc3 Bxc3+ 16. Kf2 Rg8 17. h4 Bc6 18. Rab1 f6 19. Be3 Qc8 20. Bb5 Bxb5 21. Rxb5 Rxg2+ 22. Kxg2 Qg4+ 23. Kf2 Ng3 24. Bd4 Nxh1+ 25. Ke3 Qh3+ 26. Ke2 Ng3+ 27. Kd3 Nf1+ 28. Ke2 Qg2+ 29. Bf2 Ng3+ 30. Kd3 Qxe4+ 31. Kxc3 Ne2+ 32. Kd2 Nf4 33. Qe3 Qc4 34. Rb3 Nd5 35. Qd4 Qc6 36. h5 e5 37. Qg4 Nf4 38. Qg8+ Ke7 39. Rxb7+ 1-0

[Event "GRE-ch U20"]
[Site "Trikala"]
[Date "2023.04.20"]
[Round "4"]
[White "Bantekas, Achilleas"]
[Black "Kyparissopoulos, Spyridon"]
[Result "0-1"]
[WhiteElo "1635"]
[BlackElo "1781"]
[PlyCount "98"]
[EventDate "2023.04.18"]
[EventType "swiss"]
[EventRounds "9"]
[EventCountry "GRE"]
[SourceTitle "EXT 2024"]
[Source "ChessBase"]
[SourceDate "2023.10.10"]
[SourceVersion "1"]
[SourceVersionDate "2023.10.10"]
[SourceQuality "1"]

1. e4 c5 2. Nf3 e6 3. d4 cxd4 4. Nxd4 Nc6 5. Nc3 a6 6. Be3 Nf6 7. Be2 Be7 8. Qd2 Bb4 9. Nxc6 bxc6 10. Qd3 d5 11. Bd2 Bxc3 12. Qxc3 0-0 13. exd5 Ne4 14. Qd4 exd5 15. 0-0-0 c5 16. Qe3 Rb8 17. f3 Qb6 18. b3 Nxd2 19. Qxd2 Be6 20. g4 Rfc8 21. c3 a5 22. Kc2 c4 23. Rb1 Qc6 24. Rhc1 Rd8 25. Qd4 Rbc8 26. f4 Re8 27. Re1 Rb8 28. Bf3 Qd6 29. h3 Qa3 30. Rb2 Bf5+ 31. gxf5 Rxe1 32. Qxd5 cxb3+ 33. axb3 Qa1 34. Bd1 Qa3 35. f6 gxf6 36. Kb1 Qe7 37. Rd2 Rc8 38. Kb2 Qc7 39. Qd4 Qe7 40. Bc2 Re3 41. c4 Re8 42. h4 a4 43. h5 axb3 44. Bd1 Ra8 45. h6 Ra2+ 46. Kb1 Rxd2 47. Qxd2 Qe4+ 48. Kb2 Rd3 49. Qb4 Qd4+ 0-1

[Event "Thessaloniki White Tower op-A 2nd"]
[Site "Thessaloniki"]
[Date "2023.01.07"]
[Round "8"]
[White "Mihailidou, Magdalini"]
[Black "Kyparissopoulos, Spyridon"]
[Result "0-1"]
[WhiteElo "1859"]
[BlackElo "1668"]
[PlyCount "258"]
[EventDate "2023.01.02"]
[EventType "swiss"]
[EventRounds "9"]
[EventCountry "GRE"]
[SourceTitle "CBM 212 Extra"]
[Source "ChessBase"]
[SourceDate "2023.03.31"]
[SourceVersion "1"]
[SourceVersionDate "2023.03.31"]
[SourceQuality "1"]

1. e4 c5 2. Nf3 Nc6 3. Bb5 e6 4. 0-0 Nf6 5. Re1 a6 6. Bxc6 dxc6 7. c3 Be7 8. Na3 0-0 9. Nc2 Qc7 10. d4 Rd8 11. Qe2 cxd4 12. cxd4 c5 13. Bg5 cxd4 14. Ncxd4 Bd7 15. Rac1 Qa5 16. e5 Nd5 17. Qe4 Rab8 18. Bxe7 Nxe7 19. Ng5 Ng6 20. Qf3 Be8 21. Qe4 Qxa2 22. Rc7 Qa5 23. Ndxe6 fxe6 24. Nxe6 Rd7 25. b4 Qxe5 26. Rxd7 Bxd7 27. Qxe5 Nxe5 28. Nc5 b6 29. Nxa6 Rc8 30. h3 Ng6 31. b5 Bxb5 32. Nb4 Bc4 33. Rd1 b5 34. Rd7 Ne5 35. Rb7 Nd3 36. Nc2 Nf4 37. Ne3 Ra8 38. Nf5 Ne6 39. Kh2 Bd3 40. Nd6 Nc5 41. Rb6 Na4 42. Rb7 Nc3 43. Rc7 b4 44. Rb7 Na2 45. f4 Bc2 46. f5 b3 47. g4 Rd8 48. Nf7 Rf8 49. Ne5 Nc3 50. Nd7 Rc8 51. f6 gxf6 52. Nxf6+ Kh8 53. g5 Nd1 54. g6 Bxg6 55. Rxb3 Rc2+ 56. Kg3 Kg7 57. Nd5 Bf7 58. Rb7 Nc3 59. Rc7 Ne4+ 60. Kf4 Rxc7 61. Nxc7 Nc3 62. Na6 Nd5+ 63. Kg3 Kf6 64. Nc5 Nc3 65. Kf4 Nd5+ 66. Kf3 Be6 67. Ne4+ Kg6 68. Kg3 Nf6 69. Nf2 Bf5 70. Kf4 Nd5+ 71. Kg3 Nc3 72. Kf4 Ne2+ 73. Kf3 Nc1 74. Kg3 Nd3 75. Nd1 Nc5 76. Ne3 Ne6 77. Nd5 Ng7 78. Ne7+ Kf6 79. Nd5+ Ke5 80. Nf4 Ne6 81. Ne2 Ng5 82. Ng1 Bd3 83. h4 Ne4+ 84. Kg4 Nd2 85. Kg5 Bf5 86. h5 Be4 87. Nh3 Nf3+ 88. Kh6 Bf5 89. Nf2 Kf4 90. Nd1 Nh2 91. Kg7 Ng4 92. Nc3 Kg5 93. Ne2 h6 94. Ng3 Ne3 95. Ne2 Kxh5 96. Nf4+ Kg5 97. Ne2 h5 98. Kf7 h4 99. Ke7 h3 100. Ng1 Kf4 101. Nxh3+ Bxh3 102. Kd6 Bf5 103. Kc5 Ke5 104. Kc6 Nc2 105. Kc5 Bd3 106. Kc6 Kd4 107. Kd6 Bf5 108. Kc6 Na3 109. Kb6 Nc4+ 110. Kc6 Be6 111. Kb5 Ne5 112. Kb6 Bc4 113. Kc7 Kc5 114. Kd8 Kd6 115. Ke8 Ng6 116. Kd8 Bf7 117. Kc8 Bd5 118. Kd8 Bc6 119. Kc8 Nf8 120. Kd8 Ne6+ 121. Kc8 Kc5 122. Kb8 Kb6 123. Kc8 Be8 124. Kb8 Bd7 125. Ka8 Nd8 126. Kb8 Nc6+ 127. Ka8 Nb4 128. Kb8 Na6+ 129. Ka8 Bc6# 0-1

[Event "EU-ch Amateur Online Final 1400/1700"]
[Site "Tornelo INT"]
[Date "2021.04.18"]
[Round "6"]
[White "Kyparissopoulos, Spyridon"]
[Black "Domovic, Ognjen"]
[Result "1-0"]
[WhiteElo "1432"]
[BlackElo "1645"]
[PlyCount "109"]
[EventDate "2021.04.18"]
[EventType "swiss (rapid)"]
[EventRounds "9"]
[EventCountry "NET"]
[SourceTitle "EXT 2023"]
[Source "ChessBase"]
[SourceDate "2022.10.05"]
[SourceVersion "1"]
[SourceVersionDate "2022.10.05"]
[SourceQuality "1"]

1. e4 c5 2. Nf3 d6 3. d4 cxd4 4. Nxd4 Nf6 5. Nc3 g6 6. f4 Bg7 7. e5 dxe5 8. fxe5 Nfd7 9. e6 Ne5 10. Bb5+ Nbc6 11. exf7+ Kf8 12. Bxc6 Nxc6 13. Nxc6 Qxd1+ 14. Kxd1 bxc6 15. Rf1 Bg4+ 16. Ke1 Rd8 17. Be3 Bf6 18. h3 Be6 19. Ne4 Kg7 20. Nxf6 exf6 21. c3 Bxf7 22. Bxa7 Rhe8+ 23. Kf2 Rd2+ 24. Kg1 Ree2 25. Rf2 Rxf2 26. Bxf2 Rxb2 27. a4 Ra2 28. Rxa2 Bxa2 29. Bd4 Kf7 30. Kf2 Ke6 31. Ke3 Bc4 32. a5 Bf1 33. g3 Bc4 34. Kf4 g5+ 35. Ke3 Kf5 36. Bb6 Ke5 37. Bc7+ Kd5 38. Bd8 h6 39. Bxf6 Bb5 40. g4 c5 41. Bg7 Bf1 42. Bxh6 Bxh3 43. Kf3 Kc6 44. Bxg5 Kb5 45. Bd8 Bf1 46. g5 Bc4 47. g6 Bg8 48. Kf4 Kc4 49. a6 Kxc3 50. a7 Bd5 51. g7 c4 52. g8Q Bxg8 53. a8Q Kd3 54. Qe4+ Kc3 55. Bf6+ 1-0

[Event "EU-ch Amateur Online 1400/1700"]
[Site "Tornelo INT"]
[Date "2021.04.17"]
[Round "3"]
[White "Drozdz, Jakub"]
[Black "Kyparissopoulos, Spyridon"]
[Result "0-1"]
[WhiteElo "1671"]
[BlackElo "1432"]
[PlyCount "156"]
[EventDate "2021.04.17"]
[EventType "swiss (rapid)"]
[EventRounds "8"]
[EventCountry "NET"]
[SourceTitle "EXT 2023"]
[Source "ChessBase"]
[SourceDate "2022.10.05"]
[SourceVersion "1"]
[SourceVersionDate "2022.10.05"]
[SourceQuality "1"]

1. e4 c5 2. Nf3 d6 3. d4 cxd4 4. Nxd4 Nf6 5. f3 a6 6. c4 e5 7. Nc2 Nc6 8. Be3 Be6 9. Nc3 Be7 10. Be2 0-0 11. 0-0 Rb8 12. Qd2 Qd7 13. Rfd1 Rfd8 14. Bb6 Rdc8 15. Ne3 Bd8 16. Bxd8 Rxd8 17. Ned5 Bxd5 18. Nxd5 Nxd5 19. Qxd5 Nd4 20. Rd2 Qc6 21. Rc1 Qc5 22. Qxc5 dxc5 23. Kf2 a5 24. Ke3 g5 25. h4 h6 26. Rh1 Kg7 27. hxg5 hxg5 28. Rdd1 Rh8 29. g3 Rbd8 30. a3 Rxh1 31. Rxh1 Rd6 32. Bd1 Rb6 33. Rh2 Rd6 34. Rg2 Kf6 35. Rh2 Kg7 36. Rg2 Ne6 37. Ba4 Rd8 38. Rh2 Rh8 39. Rxh8 Kxh8 40. Bd7 Nd4 41. Bc8 b6 42. f4 gxf4+ 43. gxf4 f6 44. fxe5 fxe5 45. Kd2 Kg7 46. Kc3 Kf6 47. Bb7 Kg5 48. b4 axb4+ 49. axb4 Kf4 50. bxc5 bxc5 51. Kd3 Nf3 52. Bd5 Ng5 53. Bc6 Nf7 54. Bd5 Nd6 55. Bc6 Kf3 56. Bd5 Nc8 57. Bb7 Nb6 58. Bd5 Na4 59. Bc6 Nb2+ 60. Kc3 Nd1+ 61. Kd2 Ne3 62. Kd3 Ng4 63. Bd5 Nf2+ 64. Kd2 Kf4 65. Kc3 Nxe4+ 66. Kb3 Nf2 67. Ka4 e4 68. Bf7 Ke3 69. Kb5 Nd3 70. Kc6 Kd4 71. Kb5 e3 72. Bh5 Kc3 73. Be2 Kd2 74. Bf1 e2 75. Bxe2 Kxe2 76. Kc6 Kd2 77. Kd5 Kc3 78. Ke4 Kxc4 0-1

[Event "GRE-chT Online Rapid op 1st"]
[Site "Tornelo INT"]
[Date "2021.02.20"]
[Round "3.23"]
[White "Kyparissopoulos, Spyridon"]
[Black "Koutras, Konstantinos"]
[Result "0-1"]
[WhiteElo "1432"]
[BlackElo "1547"]
[PlyCount "120"]
[EventDate "2021.02.20"]
[EventType "team-swiss (rapid)"]
[EventRounds "9"]
[EventCountry "GRE"]
[SourceTitle "EXT 2023"]
[Source "ChessBase"]
[SourceDate "2022.10.05"]
[SourceVersion "1"]
[SourceVersionDate "2022.10.05"]
[SourceQuality "1"]

1. e4 c5 2. Nf3 Nc6 3. d4 cxd4 4. Nxd4 e5 5. Nb5 d6 6. N1c3 a6 7. Na3 Be6 8. Bc4 b5 9. Bd5 Nge7 10. Bg5 Qd7 11. Bxc6 Nxc6 12. Nd5 Rb8 13. c3 Bxd5 14. Qxd5 Be7 15. Be3 0-0 16. 0-0 Kh8 17. Nc2 f5 18. f4 fxe4 19. fxe5 Nxe5 20. Qxe4 Nc4 21. b3 d5 22. Qd4 Nxe3 23. Nxe3 Bf6 24. Qxd5 Qa7 25. Qf3 Rfe8 26. Rae1 Bxc3 27. Re2 Bd4 28. Rfe1 Rf8 29. Qg4 Rbe8 30. Qh3 Re7 31. Qg3 h6 32. Qh3 Rfe8 33. Kf2 Qb6 34. g4 Qf6+ 35. Qf3 Qh4+ 36. Kg2 Bxe3 37. Rxe3 Rxe3 38. Rxe3 Rxe3 39. Qxe3 Qxg4+ 40. Kf2 Qh4+ 41. Kg2 Qg5+ 42. Qxg5 hxg5 43. Kf3 Kh7 44. Ke4 Kg6 45. Kf3 Kf5 46. h3 Kg6 47. Kg2 Kh5 48. Kf3 Kh4 49. Kg2 g4 50. hxg4 Kxg4 51. Kf2 Kf4 52. Ke2 g5 53. Kd3 g4 54. a4 bxa4 55. bxa4 Kf3 56. Kc4 g3 57. Kc5 g2 58. Kb6 g1Q+ 59. Kxa6 Qb1 60. a5 Qb4 0-1

[Event "GRE-ch Online Blitz op 1st"]
[Site "Tornelo INT"]
[Date "2021.02.07"]
[Round "5"]
[White "Kyparissopoulos, Spyridon"]
[Black "Zaganas, Konstantinos"]
[Result "1-0"]
[WhiteElo "1196"]
[BlackElo "1678"]
[PlyCount "51"]
[EventDate "2021.02.07"]
[EventType "swiss (blitz)"]
[EventRounds "16"]
[EventCountry "GRE"]
[SourceTitle "EXT 2023"]
[Source "ChessBase"]
[SourceDate "2022.10.05"]
[SourceVersion "1"]
[SourceVersionDate "2022.10.05"]
[SourceQuality "1"]

1. e4 e5 2. Nf3 d6 3. d4 exd4 4. Nxd4 g6 5. Nc3 Bg7 6. Be3 Nf6 7. Be2 0-0 8. Qd2 c5 9. Nf3 Re8 10. 0-0-0 Bf8 11. e5 Ng4 12. exd6 Bd7 13. Bxc5 b6 14. Ba3 Nxf2 15. Rhf1 Nxd1 16. Bxd1 Nc6 17. Ng5 Be6 18. Nxe6 Rxe6 19. Nb5 Rb8 20. Bg4 Re4 21. Bf3 Rc4 22. Qd5 Rxc2+ 23. Kxc2 Na5 24. Bg4 Qe8 25. Rxf7 Kh8 26. d7 1-0